Top 20 meilleurs buteurs de l'équipe de France (jusqu'en 2024) - Statistiques

Statistiques générales
  • Ce quiz a été pris 307 fois
  • Le résultat moyen est 11 sur 20
Statistiques - réponses
Nombre de buts Joueur % Correct
57 Olivier Giroud
100%
46 Kylian Mbappé
99%
44 Antoine Griezmann
98%
51 Thierry Henry
98%
31 Zinédine Zidane
93%
37 Karim Benzema
89%
41 Michel Platini
87%
34 David Trezeguet
76%
30 Just Fontaine
72%
30 Jean-Pierre Papin
62%
16 Franck Ribéry
59%
28 Youri Djorkaeff
52%
20 Éric Cantona
46%
18 Raymond Kopa
43%
26 Sylvain Wiltord
41%
21 Jean Nicolas
9%
20 Paul Nicolas
9%
22 Jean Vincent
7%
18 Roger Piantoni
6%
19 Jean Baratte
4%
Aucun quiz correspondant
Distribution des résultats
% des personnes avec chaque résultat
Percentile par nombre de réponses
Votre historique - résultats
Vous n’avez pas pris ce quiz